Statistics for European Rugby Challenge Cup Final Hosts

Click here to take the quiz!

General Stats

  • This quiz has been taken 12 times
  • The average score is 13 of 24

Answer Stats

YearAnswer% Correct
2013Dublin
100%
2009London
100%
2006London
100%
2015London
100%
2012London
100%
2007London
100%
2014Cardiff
82%
2011Cardiff
82%
2010Marseille
82%
2020Marseille
82%
1999Lyon
73%
2016Lyon
73%
2017Edinburgh
64%
2019Newcastle
55%
2018Bilbao
45%
1998Toulouse
45%
2000Toulouse
45%
2008Gloucester
18%
1997Beziers
0%
2005Oxford
0%
2002Oxford
0%
2004Reading
0%
2003Reading
0%
2001Reading
0%

Score Distribution

Percentile by Number Answered

Percent of People with Each Score

Your Score History

You have not taken this quiz